MDQL
is popping MORE tags! Check the
thread
!
Quizzes
Events
Quiz Creation
Community
Videos
Private Events
Remove Ads
Sign In
Join for FREE
Feedback
Dark Mode
Quiz Categories
Sports
Geography
Music
Movies
Television
Just For Fun
Miscellaneous
History
Literature
Language
Science
Gaming
Entertainment
Religion
Holiday
For Kids
Quiz Lab
Recent
Popular Today
Quiz Kudos Today
Editor Picks
Curator Picks
Quizzes by...
Day
Popularity
Type
Ratings
Length
Year
Community
Subscriptions
Recent Discussions
Orange Saloon
Badges
Playlists
Quests
Create
Leaderboards
Showdown
Live 5
Trivia Bingo
Activity
Puzzle Library
Sporcle Events
Private Events
Virtual Trivia
Globe League
Become a Host
Pub Owners
SporcleCon
Opinionation
Our Games
Videos
Blog
Mobile Apps
Partnerships
Remove Ads and Go Orange
Feedback
Sports
Athletes
MLB
NBA
NHL
NFL
Soccer
Sports Teams
WWE
NCAA
Football
Premier League
Basketball
Baseball
Hockey
Golf
Tennis
Cricket
Rugby
Auto Racing
Olympics
World Cup
Sports
Athletes
MLB
NBA
NHL
NFL
Soccer
Sports Teams
WWE
NCAA
Football
Premier League
Basketball
Baseball
Hockey
Golf
Tennis
Cricket
Rugby
Auto Racing
Olympics
World Cup
Random Quiz
Search Sporcle
×
Quiz Lab
Quiz Lab
Sports
2000
Type in answers that appear in a list
Type in answers that appear in a list
Classic
Best Score? Go Orange.
Juventus Turin XI since 2000 Stats
Can you name the Juventus Turin XI since 2000?
By
ghostfacekillah
15m
275 Questions
1,744 Plays
1,744 Plays
1,744 Plays
Comments
Comments
Give Quiz Kudos
Give Quiz Kudos
-
- Ratings
hide this ad
Replay
Link that replays current quiz
Next Quiz
Link to next quiz in quiz playlist
You Got
0%
They Got
Avg Score
68%
Avg Friend Score
Upgrade to see
Score Distribution
Jump to the score distribution portion of the page
Score
0/275
Timer
15:00
0
Plays Today
Hint
Answer
% Correct
2017/
2018
Gianluigi Buffon
99.5%
2001/
2002
Gianluigi Buffon
99.5%
2002/
2003
Gianluigi Buffon
99.5%
2003/
2004
Gianluigi Buffon
99.5%
2004/
2005
Gianluigi Buffon
99.5%
2006/
2007
Gianluigi Buffon
99.5%
2007/
2008
Gianluigi Buffon
99.5%
2008/
2009
Gianluigi Buffon
99.5%
2009/
2010
Gianluigi Buffon
99.5%
2010/
2011
Gianluigi Buffon
99.5%
2011/
2012
Gianluigi Buffon
99.5%
2012/
2013
Gianluigi Buffon
99.5%
2013/
2014
Gianluigi Buffon
99.5%
2014/
2015
Gianluigi Buffon
99.5%
2015/
2016
Gianluigi Buffon
99.5%
2016/
2017
Gianluigi Buffon
99.5%
2017/
2018
Giorgio Chiellini
98.5%
2018/
2019
Giorgio Chiellini
98.4%
2021/
2022
Leonardo Bonucci
98.4%
2006/
2007
Giorgio Chiellini
98.3%
2007/
2008
Giorgio Chiellini
98.3%
2008/
2009
Giorgio Chiellini
98.3%
2009/
2010
Giorgio Chiellini
98.3%
2010/
2011
Giorgio Chiellini
98.3%
2011/
2012
Giorgio Chiellini
98.3%
2013/
2014
Giorgio Chiellini
98.3%
2014/
2015
Giorgio Chiellini
98.3%
2016/
2017
Giorgio Chiellini
98.3%
2020/
2021
Leonardo Bonucci
98.2%
2018/
2019
Leonardo Bonucci
97.9%
2019/
2020
Leonardo Bonucci
97.9%
2010/
2011
Leonardo Bonucci
97.8%
2011/
2012
Leonardo Bonucci
97.8%
2012/
2013
Leonardo Bonucci
97.8%
2013/
2014
Leonardo Bonucci
97.8%
2014/
2015
Leonardo Bonucci
97.8%
2015/
2016
Leonardo Bonucci
97.8%
2016/
2017
Leonardo Bonucci
97.8%
1999/
2000
Alessandro del Piero
97.6%
2000/
2001
Alessandro del Piero
97.6%
2001/
2002
Alessandro del Piero
97.6%
2002/
2003
Alessandro del Piero
97.6%
2004/
2005
Alessandro del Piero
97.6%
2005/
2006
Alessandro del Piero
97.6%
2006/
2007
Alessandro del Piero
97.6%
2007/
2008
Alessandro del Piero
97.6%
2008/
2009
Alessandro del Piero
97.6%
2009/
2010
Alessandro del Piero
97.6%
2010/
2011
Alessandro del Piero
97.6%
2011/
2012
Alessandro del Piero
97.6%
2018/
2019
Cristiano Ronaldo
95.3%
2019/
2020
Cristiano Ronaldo
95.2%
2020/
2021
Cristiano Ronaldo
94.8%
2017/
2018
Paulo Dybala
94.1%
2015/
2016
Paulo Dybala
94.1%
2016/
2017
Paulo Dybala
94.1%
2018/
2019
Paulo Dybala
93.7%
2022/
2023
Wojciech Szczęsny
93.5%
2023/
2024
Wojciech Szczęsny
93.4%
2023/
2024
Dušan Vlahović
93.4%
2011/
2012
Andrea Pirlo
93.3%
2012/
2013
Andrea Pirlo
93.3%
2013/
2014
Andrea Pirlo
93.3%
2021/
2022
Wojciech Szczęsny
93.2%
2019/
2020
Paulo Dybala
93%
2011/
2012
Andrea Barzagli
92.5%
2012/
2013
Andrea Barzagli
92.5%
2015/
2016
Andrea Barzagli
92.5%
2000/
2001
David Trezeguet
92.5%
2001/
2002
David Trezeguet
92.5%
2003/
2004
David Trezeguet
92.5%
2005/
2006
David Trezeguet
92.5%
2006/
2007
David Trezeguet
92.5%
2007/
2008
David Trezeguet
92.5%
2021/
2022
Paulo Dybala
92.5%
2020/
2021
Wojciech Szczęsny
92.3%
2012/
2013
Paul Pogba
92.2%
2013/
2014
Paul Pogba
92.2%
2014/
2015
Paul Pogba
92.2%
2015/
2016
Paul Pogba
92.2%
2023/
2024
Federico Chiesa
92.1%
2022/
2023
Juan Cuadrado
92%
2001/
2002
Pavel Nedvěd
91.5%
2002/
2003
Pavel Nedvěd
91.5%
2003/
2004
Pavel Nedvěd
91.5%
2004/
2005
Pavel Nedvěd
91.5%
2005/
2006
Pavel Nedvěd
91.5%
2006/
2007
Pavel Nedvěd
91.5%
2007/
2008
Pavel Nedvěd
91.5%
2008/
2009
Pavel Nedvěd
91.5%
2019/
2020
Wojciech Szczęsny
91%
2021/
2022
Álvaro Morata
91%
Hint
Answer
% Correct
2004/
2005
Fabio Cannavaro
90.9%
2005/
2006
Fabio Cannavaro
90.9%
2009/
2010
Fabio Cannavaro
90.9%
2023/
2024
Adrien Rabiot
90.8%
2018/
2019
Wojciech Szczęsny
90.6%
2022/
2023
Adrien Rabiot
90.6%
2016/
2017
Gonzalo Higuaín
90.2%
2017/
2018
Gonzalo Higuaín
90%
2020/
2021
Álvaro Morata
89.6%
1999/
2000
Gianluca Zambrotta
88.5%
2000/
2001
Gianluca Zambrotta
88.5%
2001/
2002
Gianluca Zambrotta
88.5%
2002/
2003
Gianluca Zambrotta
88.5%
2003/
2004
Gianluca Zambrotta
88.5%
2004/
2005
Gianluca Zambrotta
88.5%
2005/
2006
Gianluca Zambrotta
88.5%
2006/
2007
Claudio Marchisio
88.5%
2008/
2009
Claudio Marchisio
88.5%
2009/
2010
Claudio Marchisio
88.5%
2010/
2011
Claudio Marchisio
88.5%
2011/
2012
Claudio Marchisio
88.5%
2012/
2013
Claudio Marchisio
88.5%
2013/
2014
Claudio Marchisio
88.5%
2014/
2015
Claudio Marchisio
88.5%
2015/
2016
Claudio Marchisio
88.5%
2021/
2022
Juan Cuadrado
87.9%
2022/
2023
Dušan Vlahović
87.7%
2022/
2023
Alex Sandro
87.7%
1999/
2000
Zinedine Zidane
87.7%
2000/
2001
Zinedine Zidane
87.7%
2021/
2022
Matthijs de Ligt
87.6%
2018/
2019
Alex Sandro
87.4%
2019/
2020
Alex Sandro
87.2%
2017/
2018
Alex Sandro
87%
2020/
2021
Juan Cuadrado
87%
2014/
2015
Álvaro Morata
87%
2015/
2016
Álvaro Morata
87%
2021/
2022
Alex Sandro
86.9%
2013/
2014
Carlos Tévez
86.7%
2014/
2015
Carlos Tévez
86.7%
2015/
2016
Alex Sandro
86.7%
2016/
2017
Alex Sandro
86.7%
2015/
2016
Mario Mandžukić
86.4%
2016/
2017
Mario Mandžukić
86.4%
2001/
2002
Lilian Thuram
86.2%
2002/
2003
Lilian Thuram
86.2%
2003/
2004
Lilian Thuram
86.2%
2004/
2005
Lilian Thuram
86.2%
2005/
2006
Lilian Thuram
86.2%
2017/
2018
Mario Mandžukić
85.9%
2019/
2020
Juan Cuadrado
85.6%
2005/
2006
Zlatan Ibrahimović
84.6%
2011/
2012
Stephan Lichtsteiner
84.3%
2012/
2013
Stephan Lichtsteiner
84.3%
2013/
2014
Stephan Lichtsteiner
84.3%
2014/
2015
Stephan Lichtsteiner
84.3%
2015/
2016
Stephan Lichtsteiner
84.3%
2017/
2018
Stephan Lichtsteiner
84.3%
2015/
2016
Juan Cuadrado
83.9%
2016/
2017
Juan Cuadrado
83.9%
2019/
2020
Matthijs de Ligt
83.6%
2020/
2021
Federico Chiesa
83.3%
2002/
2003
Mauro Camoranesi
83.3%
2003/
2004
Mauro Camoranesi
83.3%
2004/
2005
Mauro Camoranesi
83.3%
2005/
2006
Mauro Camoranesi
83.3%
2006/
2007
Mauro Camoranesi
83.3%
2009/
2010
Mauro Camoranesi
83.3%
2012/
2013
Arturo Vidal
83.1%
2013/
2014
Arturo Vidal
83.1%
2014/
2015
Arturo Vidal
83.1%
2016/
2017
Miralem Pjanić
82.8%
2017/
2018
Miralem Pjanić
82.8%
2018/
2019
Miralem Pjanić
82.6%
2020/
2021
Matthijs de Ligt
82.3%
1999/
2000
Edgar Davids
82%
2000/
2001
Edgar Davids
82%
2001/
2002
Edgar Davids
82%
2002/
2003
Edgar Davids
82%
2019/
2020
Miralem Pjanić
81.7%
2018/
2019
Blaise Matuidi
81.2%
2019/
2020
Blaise Matuidi
80.9%
2020/
2021
Adrien Rabiot
80.3%
2017/
2018
Blaise Matuidi
80.1%
2014/
2015
Patrice Evra
80%
1999/
2000
Filippo Inzaghi
79.3%
2000/
2001
Filippo Inzaghi
79.3%
2016/
2017
Sami Khedira
79.1%
2016/
2017
Dani Alves
76.8%
2005/
2006
Patrick Vieira
74.2%
2017/
2018
Douglas Costa
74.1%
2021/
2022
Federico Bernardeschi
73.8%
Hint
Answer
% Correct
2023/
2024
Danilo
73.7%
2021/
2022
Danilo
73.7%
2022/
2023
Danilo
72.5%
2020/
2021
Danilo
72%
2018/
2019
Federico Bernardeschi
72%
2019/
2020
Federico Bernardeschi
71.9%
1999/
2000
Edwin van der Sar
70.6%
2000/
2001
Edwin van der Sar
70.6%
2013/
2014
Fernando Llorente
70.2%
2019/
2020
Rodrigo Bentancur
68.6%
2023/
2024
Weston McKennie
68.4%
2013/
2014
Kwadwo Asamoah
68.1%
1999/
2000
Antonio Conte
66.9%
2018/
2019
João Cancelo
66.6%
2000/
2001
Alessio Tacchinardi
66.3%
2001/
2002
Alessio Tacchinardi
66.3%
2002/
2003
Alessio Tacchinardi
66.3%
2003/
2004
Alessio Tacchinardi
66.3%
2022/
2023
Manuel Locatelli
65.9%
2004/
2005
Émerson
65.7%
2005/
2006
Émerson
65.7%
2017/
2018
Medhi Benatia
65%
1999/
2000
Ciro Ferrara
64.9%
2000/
2001
Ciro Ferrara
64.9%
2001/
2002
Ciro Ferrara
64.9%
2002/
2003
Ciro Ferrara
64.9%
2009/
2010
Fabio Grosso
64.5%
2010/
2011
Fabio Grosso
64.5%
2022/
2023
Ángel Di María
64.5%
2023/
2024
Bremer
64.5%
1999/
2000
Gianluca Pessotto
63.6%
2000/
2001
Gianluca Pessotto
63.6%
2001/
2002
Gianluca Pessotto
63.6%
2023/
2024
Manuel Locatelli
63.2%
2022/
2023
Arkadiusz Milik
63%
2018/
2019
Rodrigo Bentancur
62.9%
2011/
2012
Mirko Vučinić
62.5%
2012/
2013
Mirko Vučinić
62.5%
2020/
2021
Rodrigo Bentancur
62.3%
1999/
2000
Pablo Montero
62%
2021/
2022
Manuel Locatelli
61.3%
2022/
2023
Bremer
60.9%
1999/
2000
Mark Iuliano
60.7%
2001/
2002
Mark Iuliano
60.7%
2012/
2013
Sebastian Giovinco
60.1%
2008/
2009
Amauri
60%
2009/
2010
Amauri
60%
2012/
2013
Fabio Quagliarella
59.1%
2011/
2012
Alessandro Matri
59%
2022/
2023
Filip Kostić
58%
2023/
2024
Filip Kostić
57.9%
2004/
2005
Jonathan Zebina
57.8%
2000/
2001
Igor Tudor
57.6%
2005/
2006
Christian Abbiati
57.3%
2008/
2009
Vincenzo Iaquinta
56.9%
2021/
2022
Weston McKennie
56.4%
2009/
2010
Felipe Melo
56.2%
2010/
2011
Felipe Melo
56.2%
2010/
2011
Simone Pepe
55.9%
2011/
2012
Simone Pepe
55.9%
2003/
2004
Nicola Legrottaglie
52.4%
2007/
2008
Nicola Legrottaglie
52.4%
2002/
2003
Marco di Vaio
52.2%
2003/
2004
Marco di Vaio
52.2%
2009/
2010
Diego
51.9%
2006/
2007
Cristano Zanetti
51.4%
2007/
2008
Cristano Zanetti
51.4%
2007/
2008
Zdeněk Grygera
50.9%
2008/
2009
Zdeněk Grygera
50.9%
2020/
2021
Dejan Kulusevski
47.1%
2006/
2007
Alessandro Birindelli
46.2%
2010/
2011
Miloš Krasić
44.7%
2023/
2024
Federico Gatti
43.4%
2002/
2003
Marcelo Zalayeta
43.1%
2004/
2005
Marcelo Zalayeta
43.1%
2008/
2009
Olof Mellberg
42.1%
2014/
2015
Roberto Pereyra
41.5%
2007/
2008
Hasan Salihamidžić
40%
2006/
2007
Jean-Alain Boumsong
39.1%
2006/
2007
Federico Balzaretti
38.7%
2003/
2004
Stephen Appiah
37.4%
2004/
2005
Manuele Blasi
36.4%
2007/
2008
Cristian Molinaro
36%
2008/
2009
Cristian Molinaro
36%
2010/
2011
Marco Motta
36%
2007/
2008
Antonio Nocerino
32.3%
2023/
2024
Andrea Cambiaso
31.6%
2010/
2011
Alberto Aquilani
31.2%
2009/
2010
Paolo De Ceglie
29.6%
2008/
2009
Marco Marchionni
26.6%
2003/
2004
Fabrizio Miccoli
26.5%
Quiz Playlist
Details
Report
Send in Message
Add To Playlist
Classic:
Type in answers that appear in a list
Last Updated: Jan 8, 2020
Quiz Scoreboard
CHALLENGE
Sign Up to Join the Scoreboard
Show All
Scores
Hide
Comments
May contain spoilers
Recently Published
Holiday 10x10 Sorting Gallery
by lukepisani3
Holiday
15m
Two Season TV Shows II
by 123Four
Television
10m
Image Sorting: Flags VI
by Barbecue
Geography
2m
More to Explore
Quiz From the Vault
Featured Blog Post
14 Easter Pick-up Lines to Find Eggs With
hide this ad
You Might Also Like...
Tags
2000
jument
turin
Today's Top Quizzes in Sports
Browse Sports
hide this ad
Today's Top Quizzes in 2000
Browse 2000
Top Contributed Quizzes in Sports
1
Les meilleurs buteurs des matchs entre le PSG et l’OM
2
Les entraîneurs de l'OM et du PSG au 21e siècle
3
2022 World Cup Stars
4
Players with Multiple 50 Home Run Seasons
5
Les joueurs passés par le PSG et l'OM
6
FIFA Club World Cup Champions
7
Top 10 NHL Goal Scorers of All Time
8
Criteria MLB: Left Handed Sluggers
9
Les joueurs passés par le LOSC et le RC Lens
10
2023 MLB Unique Player Accomplishments
Explore More
Trending Topics
Marvel
Anime
NBA
Kpop
Harry Potter
Disney
Crossword
WWE
Country
Puzzle
Pokémon
Song
NFL
Soccer
The Office
hide this ad
More By:
ghostfacekillah
Quiz
Plays
Rating
Category
Featured
Created
FC Liverpool XI since 2000
10,023
4.86
Sports
Dec 4, 2014
FC Arsenal XI since 2000
8,129
3.27
Sports
Sep 3, 2015
FC Bayern XI since 2000
6,618
4.60
Sports
Sep 27, 2014
AS Roma XI since 2000
5,217
4.33
Sports
Jul 9, 2017
FC Barcelona XI since 2000
5,046
4.00
Sports
Mar 21, 2018
Go to Creator's Profile
Score Distribution
Quiz Creator Spotlight
ghostfacekillah
Follow
Send a Message
Quizzes Created
-
Created Quiz Play Count
-
More By This Creator
Popular Quizzes Today
1
Find the US States - No Outlines Minefield
2
Colored Red Africa Blitz
3
Find the 'City' Movie
4
The Countries of the World
5
Find the US States
6
5x2 Blitz: Bands
7
Find the Countries of Europe - No Outlines Minefield
8
US States
More Sports Quizzes
ABA Teams
Published
Trending Quizzes
Colored Red Europe Blitz I
Colored Red Europe Blitz II
Colored Red Africa Blitz II
Colored Red Africa Blitz III
Colored Red Europe Blitz III
Recently Updated
Odd Team Out - Big 4 Players
pecheneg
Quick Pick: 20 Twenties
pecheneg
March Madness Men's Triple Doubles
pecheneg
How Do You Spell That?
pecheneg
Godzilla Movies
pecheneg
Grab Bag: 4-10 Letters
pecheneg
2024 March Madness Bracket
pecheneg
Famous TV Couples
Peacemaker
Champions League XIs: Real Madrid
pecheneg
Largest US Cities 1790-2010
pecheneg
Trending Topics
Marvel
Anime
NBA
Harry Potter
Kpop
Disney
Crossword
The Office
WWE
Puzzle
Song
NFL
Country
Pokémon
Soccer
Your Account Isn't Verified!
In order to create a playlist on Sporcle, you need to verify the email address you used during registration. Go to your
Sporcle Settings
to finish the process.
Report this User
Report this user for behavior that violates our
Community Guidelines
.
Details:
Send Report
Go to the Sporcle.com Mobile Site →
Comments